[Event "ROM-ch op (Women)"]
[Site "Eforie Nord"]
[Date "1997.??.??"]
[Round "?"]
[White "Ionescu, Irina"]
[Black "Olteanu, Gabriela"]
[Result "1-0"]
[WhiteElo "2260"]
[BlackElo "2035"]
[PlyCount "73"]
[EventDate "1997.09.??"]
[EventType "swiss"]
[EventRounds "11"]
[EventCountry "ROU"]
[SourceTitle "EXT 2000"]
[Source "ChessBase"]
[SourceDate "1999.11.16"]
[SourceVersion "1"]
[SourceVersionDate "1999.11.16"]
[SourceQuality "1"]

1. e4 g6 2. d4 Bg7 3. Nc3 d6 4. Nf3 Nf6 5. Be2 0-0 6. 0-0 c6 7. a4 a5 8. h3 Qc7 9. Bf4 Nh5 10. Bh2 e5 11. Qd2 Nd7 12. Rad1 Re8 13. Rfe1 h6 14. Bc4 g5 15. Ne2 Nf4 16. Nxf4 gxf4 17. dxe5 dxe5 18. g3 Nb6 19. Bf1 fxg3 20. Bxg3 Nxa4 21. Ra1 b5 22. c4 Ba6 23. Rec1 Qb6 24. Qc2 f6 25. c5 Qa7 26. b3 Nxc5 27. Qxc5 Qxc5 28. Rxc5 Bb7 29. Rcc1 Kf7 30. Nh4 Red8 31. Bxb5 cxb5 32. Rc7+ Kg8 33. Rxb7 b4 34. Ng6 Rd3 35. Ne7+ Kf8 36. Nf5 Bh8 37. Rxb4 1-0

[Event "ROM-chT"]
[Site "Romania"]
[Date "1994.??.??"]
[Round "?"]
[White "Olarasu, Gabriela"]
[Black "Olteanu, Gabriela"]
[Result "1-0"]
[WhiteElo "2250"]
[BlackElo "2055"]
[PlyCount "89"]
[EventDate "1994.??.??"]
[EventType "team"]
[EventRounds "10"]
[EventCountry "ROU"]
[SourceTitle "EXT 1997"]
[Source "ChessBase"]
[SourceDate "1996.11.15"]
[SourceVersion "1"]
[SourceVersionDate "1996.11.15"]
[SourceQuality "1"]

1. d4 g6 2. c4 Bg7 3. Nc3 d6 4. Nf3 Nd7 5. e4 e5 6. Be2 Ngf6 7. 0-0 0-0 8. Re1 c6 9. Bf1 a5 10. Rb1 Re8 11. b3 exd4 12. Nxd4 Nc5 13. f3 Nfd7 14. Be3 Qc7 15. Qd2 Ne5 16. h3 f6 17. f4 Nf7 18. Bf2 Ne6 19. Nf3 b6 20. g3 Rb8 21. Bg2 Bb7 22. a3 Ba6 23. Bf1 Bb7 24. b4 axb4 25. axb4 Ra8 26. Rbc1 c5 27. Nd5 Bxd5 28. cxd5 Nf8 29. Nd4 Qe7 30. Nc6 Qc7 31. Bb5 Rac8 32. Ra1 Kh8 33. Kg2 Nd8 34. Ba6 Nxc6 35. Bxc8 Rxc8 36. dxc6 Qxc6 37. Qd5 Qc7 38. bxc5 bxc5 39. Ra6 Rd8 40. Rb1 Rd7 41. Ra8 f5 42. Rbb8 Rf7 43. e5 h5 44. exd6 Qd7 45. Rd8 1-0

[Event "ROM-chT"]
[Site "Romania"]
[Date "1994.??.??"]
[Round "?"]
[White "Olteanu, Gabriela"]
[Black "Jicman, Ligia Letitia"]
[Result "0-1"]
[WhiteElo "2055"]
[BlackElo "2185"]
[PlyCount "78"]
[EventDate "1994.??.??"]
[EventType "team"]
[EventRounds "10"]
[EventCountry "ROU"]
[SourceTitle "EXT 1997"]
[Source "ChessBase"]
[SourceDate "1996.11.15"]
[SourceVersion "1"]
[SourceVersionDate "1996.11.15"]
[SourceQuality "1"]

1. d4 d5 2. c4 c6 3. Nc3 Nf6 4. Nf3 dxc4 5. a4 Bf5 6. e3 e6 7. Bxc4 Bb4 8. 0-0 Nbd7 9. Nh4 0-0 10. f3 Bg6 11. Qb3 a5 12. Nxg6 hxg6 13. Na2 Be7 14. e4 Nb6 15. Be3 Nxc4 16. Qxc4 Rc8 17. Qb3 Qc7 18. Rac1 Qb8 19. Nc3 Rfd8 20. Rfd1 Rd7 21. g3 Rcd8 22. Kg2 Qa7 23. Ne2 Qa6 24. Kf2 Bb4 25. Qc2 Ne8 26. b3 Nc7 27. Kg2 c5 28. dxc5 Bd2 29. Kf2 Bxc1 30. Rxc1 Qc6 31. Qc4 Na6 32. Kg2 Nb4 33. Nd4 Qc7 34. Rc3 Qe5 35. Ne2 Rd3 36. Rxd3 Rxd3 37. Bf4 Qb2 38. Kf2 Rd2 39. c6 bxc6 0-1

[Event "ROM-chT"]
[Site "Romania"]
[Date "1994.??.??"]
[Round "?"]
[White "Olteanu, Gabriela"]
[Black "Manu, Daniela"]
[Result "1/2-1/2"]
[WhiteElo "2055"]
[BlackElo "2060"]
[PlyCount "34"]
[EventDate "1994.??.??"]
[EventType "team"]
[EventRounds "10"]
[EventCountry "ROU"]
[SourceTitle "EXT 1997"]
[Source "ChessBase"]
[SourceDate "1996.11.15"]
[SourceVersion "1"]
[SourceVersionDate "1996.11.15"]
[SourceQuality "1"]

1. d4 d5 2. Nf3 Nf6 3. c4 e6 4. Nc3 Be7 5. Bg5 Nbd7 6. e3 0-0 7. Rc1 h6 8. Bh4 c6 9. Bd3 dxc4 10. Bxc4 Nb6 11. Bd3 Nbd5 12. 0-0 Nxc3 13. bxc3 Nd5 14. Bxe7 Nxe7 15. Qb3 b6 16. Ne5 Bb7 17. Be4 Qc7 1/2-1/2

[Event "ROM-chT"]
[Site "Romania"]
[Date "1993.??.??"]
[Round "7"]
[White "Olteanu, Gabriela"]
[Black "Baumstark, Gertrude"]
[Result "1/2-1/2"]
[WhiteElo "2055"]
[BlackElo "2160"]
[PlyCount "27"]
[EventDate "1993.??.??"]
[EventType "team"]
[EventRounds "9"]
[EventCountry "ROU"]
[SourceTitle "EXT 1998"]
[Source "ChessBase"]
[SourceDate "1997.11.17"]
[SourceVersion "1"]
[SourceVersionDate "1997.11.17"]
[SourceQuality "1"]

1. d4 d5 2. c4 dxc4 3. Nf3 Nf6 4. e3 e6 5. Bxc4 c5 6. 0-0 a6 7. a4 Nc6 8. Qe2 Be7 9. dxc5 Bxc5 10. e4 Nd4 11. Nxd4 Qxd4 12. Be3 Qe5 13. Bxc5 Qxc5 14. Nc3 1/2-1/2